Bájné bytosti a obludy starého Řecka /

Hlavní autor: Davies, James, 1984-
Další autoři: Michalíková, Adéla, 1990-
Jazyk: Čeština
Vydáno: V Praze : Albatros, 2023
Vydání: 1. vydání
Témata:
Fyzický popis: 61 stran : barevné ilustrace ; 31 cm
Knihy
Uloženo v:
LEADER 02121nam a2200601 i 4500
001 nkc20233492693
003 CZ PrNK
005 20230302081108.0
007 ta
008 230120s2023 xr a b 6 000 0 cze
015 |a cnb003492693 
020 |a 978-80-00-06912-8  |q (vázáno) :  |c Kč 399,00 
035 |a (OCoLC)1372328796 
040 |a ABA001  |b cze  |d BOA001  |e rda 
041 1 |a cze  |h eng 
043 |a e-gr--- 
072 7 |a 25  |x Náboženství, mytologie, kulty  |2 Konspekt  |9 5 
072 7 |a 0/9-053.2  |x Literatura pro děti a mládež (naučná)  |2 Konspekt  |9 26 
080 |a 255.2  |2 MRF 
080 |a 255.2-14-162.4  |2 MRF 
080 |a 2-264-051  |2 MRF 
080 |a (38)  |2 MRF 
080 |a (03/09)741.52  |2 MRF 
080 |a (0.053.2)  |2 MRF 
100 1 |a Davies, James,  |d 1984-  |7 xx0282710  |4 aut 
240 1 0 |a Myths.  |l Česky 
245 1 0 |a Bájné bytosti a obludy starého Řecka /  |c James Davies ; přeložila Adéla Michalíková 
250 |a 1. vydání 
264 1 |a V Praze :  |b Albatros,  |c 2023 
300 |a 61 stran :  |b barevné ilustrace ;  |c 31 cm 
336 |a text  |b txt  |2 rdacontent 
336 |a statický obraz  |b sti  |2 rdacontent 
337 |a bez média  |b n  |2 rdamedia 
338 |a svazek  |b nc  |2 rdacarrier 
500 |a Přeloženo z angličtiny 
521 8 |a Pro děti od 7 let 
650 0 7 |a řecká mytologie  |7 ph128258  |2 czenas 
650 0 7 |a řečtí bohové  |7 ph855092  |2 czenas 
650 0 7 |a mytologické postavy  |7 ph123082  |z starověké Řecko  |2 czenas 
650 0 9 |a Greek mythology  |2 eczenas 
650 0 9 |a Greek gods  |2 eczenas 
650 0 9 |a mythological characters  |z starověké Řecko  |2 eczenas 
655 7 |a naučné komiksy  |7 fd1058479  |2 czenas 
655 7 |a publikace pro děti  |7 fd133156  |2 czenas 
655 9 |a nonfiction comics  |2 eczenas 
655 9 |a children's literature  |2 eczenas 
700 1 |a Michalíková, Adéla,  |d 1990-  |7 xx0224626  |4 trl 
910 2 |a BOA001  |b 4-1501.512 
928 9 |a Albatros Media - Albatros 
990 |a BK 
995 |a 01 
991 |b 202301  |c NOV 
996 6 |b 2610928551  |c 4-1501.512  |l MZK  |r Sklad / do 1 hodiny  |n 0  |p p.v.  |w 001912073  |u 000010  |a 1  |e BOA001  |j MZK50  |s P